000 00493nam a2200181Ia 4500
005 20250508162723.0
008 008 250505s9999 xx 000 0 hin d
037 _aTextual
040 _aFEDL
_beng
_cFEDL
041 _ahin
_2eng
084 _a299.934, KRI
_qFEDL
100 _aKrishnamurti J.
245 0 _aPratham aure antim mukti
260 _aDelhi, India
_bMotilal Banarsi Dass
_c1983
300 _a268p
942 _cTEXL
_h299.934, KRI
999 _c1378294
_d1378294